Japanese etiquette & ethics in business (Record no. 12843)
[ view plain ]
| 000 -LEADER | |
|---|---|
| fixed length control field | 00415 a2200145 4500 |
| 245 ## - TITLE STATEMENT | |
| Title | Japanese etiquette & ethics in business |
| Medium | |
| 020 ## - INTERNATIONAL STANDARD BOOK NUMBER | |
| International Standard Book Number | 0844285072 (pbk.) : |
| 250 ## - EDITION STATEMENT | |
| Edition statement | 5th ed. |
| 650 ## - SUBJECT ADDED ENTRY--TOPICAL TERM | |
| Topical term or geographic name entry element | ethics |
| 260 ## - PUBLICATION, DISTRIBUTION, ETC. | |
| Place of publication, distribution, etc. | ilu |
| Name of publisher, distributor, etc. | Passport Books |
| Date of publication, distribution, etc. | c1987 |
| 084 ## - | |
| -- | HF5387 .D384 1987 |
| 300 ## - PHYSICAL DESCRIPTION | |
| Extent | ix, 182 p. : ill. |
| Other physical details | 23 cm. |
| Dimensions | ix, 182 p. : ill. ; 23 cm. |
| 500 ## - GENERAL NOTE | |
| General note | Boye de Mente. |
No items available.